Country Flags Merged With Brand Logos - Statistics

General Stats
  • This quiz has been taken 1,143 times
  • The average score is 14 of 16
Answer Stats
Picture Hint Answer % Correct
Logo Nike
99%
Logo Pepsi
97%
Country South Korea
96%
Logo Twitter
96%
Logo Jetpunk
94%
Logo Toyota
94%
Country Cyprus
92%
Logo Xbox
92%
Country Argentina
91%
Country Papua New Guinea
82%
Logo Rolex
81%
Country Kyrgyzstan
80%
Country Liechtenstein
79%
Country Kenya
76%
Logo NBC
74%
Country Kiribati
73%
No matching quizzes found
Score Distribution
Percent of People with Each Score
Percentile by Number Answered
Your Score History
You have not taken this quiz